Départements français - Sous-Préfecture - Avec aide - Statistiques

Statistiques générales
  • Ce quiz a été pris 39 fois
  • Le résultat moyen est 9 sur 101
Statistiques - réponses
Département Sous-préfectures % Correct
Belfort | Paris Sans
96%
Mayotte sans
96%
Hautes-Alpes B{riançon}
14%
Tarn C{astres}
14%
Alpes-Maritimes G{rasse}
14%
Allier M{ontluçon} V{ichy}
14%
Ariège P{amiers} S{aint Girons}
14%
Bouches-du-Rhône A{ix en Provence} A{rles} I{stres}
11%
Gard A{lès} L{e Vigan}
11%
Calvados B{ayeux} L{isieux} V{ire}
11%
Pyrénées-Atlantiques B{ayonne} O{loron Sainte Marie}
11%
Ain B{elley} G{ex} N{antua}
11%
Hérault B{éziers} L{odève}
11%
Corrèze B{rive la Gaillarde} U{ssel}
11%
Pyrénées-Orientales C{éret} P{rades}
11%
Gers C{ondom} M{irande}
11%
Landes D{ax}
11%
Drôme D{ie} N{yons}
11%
Lot F{igeac} G{ourdon}
11%
Lozère F{lorac}
11%
Aude L{imoux} N{arbonne}
11%
Haute-Saône L{ure}
11%
Cantal M{auriac} S{aint Flour}
11%
Aveyron M{illau} V{illefranche de Rouergue}
11%
Cher S{aint Amand Montrond} V{ierzon}
11%
Corse-du-Sud S{artène}
11%
Rhône V{illefranche sur Saône}
11%
Puy-de-Dôme A{mbert} I{ssoire} R{iom} T{hiers}
7%
Hauts-de-Seine A{ntony} B{oulogne Billancourt}
7%
Vaucluse A{pt} C{arpentras}
7%
Creuse A{ubusson}
7%
Saône-et-Loire A{utun} C{halon sur Saône} C{harolles} L{ouhans}
7%
Yonne A{vallon} S{ens}
7%
Manche A{vranches} C{herbourg} C{outances}
7%
Alpes-de-Haute-Provence B{arcelonnette} C{astellane} F{orcalquier}
7%
Aube B{ar sur Aube} N{ogent sur Seine}
7%
Côte-d'Or B{eaune} M{ontbard}
7%
Haute-Vienne B{ellac} R{ochechouart}
7%
Dordogne B{ergerac} N{ontron} S{arlat la Canéda}
7%
Gironde B{laye} L{angon} L{esparre Médoc} L{ibourne} A{rcachon}
7%
Deux-Sèvres B{ressuire} P{arthenay}
7%
Finistère B{rest} C{hâteaulin} M{orlaix}
7%
Var B{rignoles} D{raguignan}
7%
Haute-Loire B{rioude} Y{ssingeaux}
7%
Haute-Corse C{alvi} C{orte}
7%
Eure-et-Loir C{hâteaudun} D{reux} N{ogent le Rotrou}
7%
Mayenne C{hâteau Gontier} M{ayenne}
7%
Vienne C{hâtellerault} M{ontmorillon}
7%
Charente C{ognac} C{onfolens}
7%
Seine-Maritime D{ieppe} L{e Havre}
7%
Côtes-d'Armor D{inan} G{uingamp} L{annion}
7%
Jura D{ôle} S{aint Claude}
7%
Charente-Maritime J{onzac} R{ochefort} S{aintes} S{aint Jean d'Angély}
7%
Sarthe L{a Flèche} M{amers}
7%
Ardèche L{argentière} T{ournon sur Rhône}
7%
Seine-Saint-Denis L{e Raincy} S{aint Denis}
7%
Morbihan L{orient} P{ontivy}
7%
Lot-et-Garonne M{armande} N{érac} V{illeneuve sur Lot}
7%
Loiret M{ontargis} P{ithiviers}
7%
Haute-Garonne M{uret} S{aint Gaudens}
7%
Guadeloupe P{ointe à Pitre}
7%
Ardennes R{ethel} S{edan} V{ouziers}
7%
Réunion S{aint Benoit} S{aint Paul} S{aint Pierre}
7%
Guyane S{aint Laurent du Maroni}
7%
Somme A{bbeville} M{ontdidier} P{éronne}
4%
Savoie A{lbertville} S{aint Jean de Maurienne}
4%
Hautes-Pyrénées A{rgelès Gazost} B{agnères de Bigorre}
4%
Orne A{rgentan} M{ortagne au Perche}
4%
Val d'Oise A{rgenteuil} S{arcelles}
4%
Nord A{vesnes sur Helpe} C{ambrai} D{ouai} D{unkerque} V{alenciennes}
4%
Pas-de-Calais B{éthune} B{oulogne} C{alais} L{ens} M{ontreuil} S{aint Omer}
4%
Haute-Savoie B{onneville} S{aint Julien en Genevois} T{honon les Bains}
4%
Meurthe-et-Moselle B{riey} L{unéville} T{oul}
4%
Aisne C{hâteau Thierry} S{aint Quentin} S{oissons} V{ervins}
4%
Indre-et-Loire C{hinon} L{oches}
4%
Oise C{lermont} C{ompiègne} S{enlis}
4%
Meuse C{ommercy} V{erdun}
4%
Essonne E{tampes} P{alaiseau}
4%
Seine-et-Marne F{ontainebleau} M{eaux} P{rovins} T{orcy}
4%
Vendée F{ontenay le Comte} L{es Sables d'Olonne}
4%
Indre I{ssoudun} L{e Blanc} L{a Châtre}
4%
Haute-Marne L{angres} S{aint Dizier}
4%
Isère L{a Tour du Pin} V{ienne}
4%
Martinique L{e Marin} L{a Trinité} S{aint Pierre}
4%
Val de Marne L'{Haÿ les Roses} N{ogent sur Marne}
4%
Yvelines M{antes la Jolie} R{ambouillet} S{aint Germain en Laye}
4%
Doubs M{ontbéliard} P{ontarlier}
4%
Vosges N{eufchâteau} S{aint Dié des Vosges}
4%
Loir-et-Cher R{omorantin Lanthenay} V{endôme}
4%
Haut-Rhin A{ltkirch} M{ulhouse} T{hann Guebwiller}
0%
Eure B[ernay} L[es Andelys}
0%
Tarn-et-Garonne Castelsarrasin
0%
Loire-Atlantique C{hâteaubriant Ancenis} S{aint Nazaire}
0%
Nièvre C{hâteau Chinon} C{lamecy} C{osnes Cours sur Loire}
0%
Maine-et-Loire C{holet} S{aumur] S{egré}
0%
Marne E{pernay} R{aims} V{itry le François}
0%
Moselle F{orbach Boulay Moselle} S{arrebourg Château Salins} S{arreguemines} T{hionville}
0%
Ille-et-Vilaine F{ougère Vitré} R{edon} S{aint Malo}
0%
Bas-Rhin H{aguenau Wissembourg} M{olsheim} S{averne} S{élestat Erstein}
0%
Loire M{ontbrison} R{oanne}
0%
Aucun quiz correspondant
Distribution des résultats
% des personnes avec chaque résultat
Percentile par nombre de réponses
Votre historique - résultats
Vous n’avez pas pris ce quiz